Evaluación de un autoclave solar por el método húmedo
Describe la evaluación de una autoclave solar por el método húmedo para esterilizar utensilios quirúrgicos de hospitales o centros de salud en zonas rurales del país donde es difícil el acceso de la energía eléctrica. La autoclave solar está constituido por un colector solar y una cámara h...
| Main Authors: | , |
|---|---|
| Other Authors: | |
| Format: | Tesis Section = Libro |
| Language: | Undetermined Spanish |
| Published: |
Managua
UNI
2006
|
| Subjects: |
| LEADER | 01241nam a2200265Ia 4500 | ||
|---|---|---|---|
| 008 | 240830s9999 xx 000 0 und d | ||
| 040 | |a BIBLIOTECA-RUSB/ Mon 333.7923 M828 | ||
| 041 | |a spa | ||
| 082 | |a Mon 333.7923 M828 | ||
| 100 | 1 | |a Morales Cortez, Onell Domingo | |
| 100 | 1 | |b Orozco Cruz, Ricardo Noé | |
| 245 | 1 | 0 | |a Evaluación de un autoclave solar por el método húmedo |
| 260 | |a Managua |b UNI |c 2006 | ||
| 300 | |a 191 p. :il. | ||
| 500 | |a Contiene: apéndices. | ||
| 502 | |a Tesis (Ingeniero Químico) - UNI, 2006. | ||
| 520 | 3 | |a Describe la evaluación de una autoclave solar por el método húmedo para esterilizar utensilios quirúrgicos de hospitales o centros de salud en zonas rurales del país donde es difícil el acceso de la energía eléctrica. La autoclave solar está constituido por un colector solar y una cámara hermética. La construcción de la autoclave solar se realizó en el municipio de Somoto. | |
| 650 | 7 | |a ENERGÍA SOLAR | |
| 650 | 7 | |b AUTOCLAVE SOLAR - TEMPERATURA - TIEMPO | |
| 650 | 7 | |c COLECTOR SOLAR | |
| 650 | 7 | |d ESTERILIZACIÓN - INSTRUMENTOS QUIRÚRGICOS | |
| 700 | 1 | |a Tutor: |b Chavarría Carrión, Leonardo Antonio | |
| 942 | |c BK |2 ddc | ||
| 991 | |a TESIS | ||
| 999 | |c 19897 | ||